| 000 | 00418nam a2200145Ia 4500 | ||
|---|---|---|---|
| 008 | 231129s2008||||xx |||||||||||||| ||spa|| | ||
| 020 | _a978-968-18-7157-4 | ||
| 040 | _bspa | ||
| 082 | _a720 P154a | ||
| 100 | _aPalaia Pérez Liliana | ||
| 245 | 0 | _aAprendiendo a construir la arquitectura / Liliana Palaia Pérez... /et al. | |
| 260 | _c2008 | ||
| 264 | _aLimusa | ||
| 942 |
_2ddc _cBKS |
||
| 999 |
_c5468 _d5468 |
||